000 01405nam a2200361Ia 4500
001 ebr10437746
003 CaPaEBR
006 m u
007 cr cn|||||||||
008 110120s2009 enkabc sb 001 0beng d
020 _z9781861975935
020 _z9781847652652
040 _aCaPaEBR
_cCaPaEBR
035 _a(OCoLC)704517164
050 1 4 _aJC229.T8
_bB67 2009eb
082 0 4 _a306.2092
_222
100 1 _aBrogan, Hugh.
245 1 0 _aAlexis de Tocqueville
_h[electronic resource] :
_ba biography /
_cHugh Brogan.
246 3 _aAlexis de Tocqueville :
_bprophet of democracy in the age of revolution
250 _aPbk ed.
260 _aLondon :
_bProfile,
_c2009.
300 _ax, 724 p. :
_bill., maps, ports.
500 _aFirst published: 2006.
504 _aIncludes bibliographical references and index.
533 _aElectronic reproduction.
_bPalo Alto, Calif. :
_cebrary,
_d2011.
_nAvailable via World Wide Web.
_nAccess may be limited to ebrary affiliated libraries.
600 1 0 _aTocqueville, Alexis de,
_d1805-1859.
650 0 _aPolitical scientists
_zFrance
_vBiography.
650 0 _aPoliticians
_zFrance
_vBiography.
650 0 _aHistorians
_zFrance
_vBiography.
655 7 _aElectronic books.
_2local
710 2 _aebrary, Inc.
856 4 0 _uhttp://site.ebrary.com/lib/rucke/Doc?id=10437746
_zAn electronic book accessible through the World Wide Web; click to view
999 _c133601
_d133601